| 000 | 00660nam a2200181Ia 4500 | ||
|---|---|---|---|
| 008 | 151202s9999||||xx |||||||||||||| ||und|| | ||
| 082 | _bPNVM-75941 | ||
| 100 | _a बेडेकर विश्राम. | ||
| 245 | _aरणांगण. | ||
| 260 | _bदेशमुख आणि कंपनी पब्लिशर्स प्रा लि ४७३ सदाशिव पेठ पुणे ३० | ||
| 260 | _c1998 | ||
| 300 | _a110 | ||
| 600 | _a बेडेकर विश्राम. | ||
| 630 | _aरणांगण. | ||
| 700 | _a बेडेकर विश्राम. | ||
| 730 | _aरणांगण. | ||
| 942 | _cBOOK | ||
| 999 |
_c1342600 _d1342597 |
||